Unplugging the plug-in drug / (Record no. 10483)

MARC details
000 -LEADER
fixed length control field 00818cam a2200277 a 4500
001 - CONTROL NUMBER
control field 15107311
003 - CONTROL NUMBER IDENTIFIER
control field OCoLC
005 - DATE AND TIME OF LATEST TRANSACTION
control field 20210224153336.0
008 - FIXED-LENGTH DATA ELEMENTS--GENERAL INFORMATION
fixed length control field 861230s1987 nyua b 001 0 eng
010 ## - LIBRARY OF CONGRESS CONTROL NUMBER
LC control number 86030655 //r90
020 ## - INTERNATIONAL STANDARD BOOK NUMBER
International Standard Book Number 0140088954
Terms of availability (pbk.) :
040 ## - CATALOGING SOURCE
Original cataloging agency DLC
Transcribing agency DLC
Modifying agency OUN
050 00 - LIBRARY OF CONGRESS CALL NUMBER
Classification number HE8700.65
Item number W776U
082 ## - DEWEY DECIMAL CLASSIFICATION NUMBER
Item number W776U
100 1# - MAIN ENTRY--PERSONAL NAME
Personal name Winn, Marie
245 10 - TITLE STATEMENT
Title Unplugging the plug-in drug /
Statement of responsibility, etc. Marie Winn ; drawings by Karla Kuskin
260 ## - PUBLICATION, DISTRIBUTION, ETC.
Place of publication, distribution, etc. New York, N.Y., U.S.A. :
Name of publisher, distributor, etc. Penguin Books,
Date of publication, distribution, etc. 1987
300 ## - PHYSICAL DESCRIPTION
Extent xviii, 206 p. :
Other physical details ill. ;
Dimensions 24 cm
500 ## - GENERAL NOTE
General note "Penguin original"--Lable mounted on cover
500 ## - GENERAL NOTE
General note Includes index
504 ## - BIBLIOGRAPHY, ETC. NOTE
Bibliography, etc. note Bibliography: p. 201-202
650 #0 - SUBJECT ADDED ENTRY--TOPICAL TERM
Topical term or geographic name entry element Television viewers
650 #0 - SUBJECT ADDED ENTRY--TOPICAL TERM
Topical term or geographic name entry element Television programs
650 #0 - SUBJECT ADDED ENTRY--TOPICAL TERM
Topical term or geographic name entry element Television broadcasting
942 ## - ADDED ENTRY ELEMENTS (KOHA)
Source of classification or shelving scheme Dewey Decimal Classification
Koha item type Books
Holdings
Withdrawn status Lost status Source of classification or shelving scheme Damaged status Not for loan Collection code Home library Current library Shelving location Date acquired Total Checkouts Full call number Barcode Date last seen Price effective from Koha item type
    Dewey Decimal Classification     Non-fiction Harvest Mission College Harvest Mission College General Stacks 03.03.2021   302.2 W776U 012241 03.03.2021 03.03.2021 Books

OPAC Designed and Maintained by HMC Library Team.
Copyright © HMC Library,Greater Noida, UP.
For any Suggestions/Query Contact library via Email:libhmc@gmail.com